Tribhuvan University Central Library

Effectiveness of using You Tube as an educational tool in classroom learning. (Record no. 89481)

MARC details
000 -LEADER
fixed length control field 00444nam a22001457a 4500
008 - FIXED-LENGTH DATA ELEMENTS--GENERAL INFORMATION
fixed length control field 200102b xxu||||| |||| 00| 0 eng d
082 ## - DEWEY DECIMAL CLASSIFICATION NUMBER
Classification number CD16021
100 ## - MAIN ENTRY--PERSONAL NAME
Personal name Tiwari, Binita
245 ## - TITLE STATEMENT
Title Effectiveness of using You Tube as an educational tool in classroom learning.
260 ## - PUBLICATION, DISTRIBUTION, ETC. (IMPRINT)
Place of publication, distribution, etc Kathmandu
Date of publication, distribution, etc 2019
502 ## - DISSERTATION NOTE
Dissertation note Dissertation
Degree type Degree in Mathematics
Name of granting institution T U
650 ## - SUBJECT ADDED ENTRY--TOPICAL TERM
Topical term or geographic name as entry element Educational materials
650 ## - SUBJECT ADDED ENTRY--TOPICAL TERM
Topical term or geographic name as entry element Classrooms
-- 17382
942 ## - ADDED ENTRY ELEMENTS (KOHA)
Source of classification or shelving scheme Dewey Decimal Classification
Koha item type Audio Visual Materials
Holdings
Withdrawn status Lost status Source of classification or shelving scheme Damaged status Not for loan Home library Current library Date acquired Total Checkouts Full call number Barcode Date last seen Price effective from Koha item type
    Dewey Decimal Classification     Tribhuvan University Central Library Tribhuvan University Central Library 01/02/2020   CD16021 A15972 01/02/2020 01/02/2020 Audio Visual Materials